Southville International School and Colleges
Your cart is empty.
  • Cart
  • Lists
    Public lists Eva Luna New books Lux_list list_1
    Your lists Log in to create your own lists
  • Log in to your account
  • Your cookies
  • Search history
Southville International School and Colleges
  • Advanced search
  • Recent comments
  • Most popular
  • Libraries

Log in to your account

Log in with GOOGLE


If you do not have an external account, but do have a local account, you can still log in:

  1. Home
  2. MARC view: King Henry V /
Normal view MARC view ISBD view

King Henry V / (Record no. 9382)

[ view plain ]
MARC details
000 -LEADER
fixed length control field 01244cam a2200349 a 4500
001 - CONTROL NUMBER
control field 679801
003 - CONTROL NUMBER IDENTIFIER
control field SISC
005 - DATE AND TIME OF LATEST TRANSACTION
control field 20160304134937.0
008 - FIXED-LENGTH DATA ELEMENTS--GENERAL INFORMATION
fixed length control field 950605s1995 enkab b 001 0 eng
010 ## - LIBRARY OF CONGRESS CONTROL NUMBER
LC control number 95160458
020 ## - INTERNATIONAL STANDARD BOOK NUMBER
International Standard Book Number 0415014131 (cased)
040 ## - CATALOGING SOURCE
Original cataloging agency DLC
Transcribing agency DLC
Modifying agency DLC
043 ## - GEOGRAPHIC AREA CODE
Geographic area code e-uk---
050 00 - LIBRARY OF CONGRESS CALL NUMBER
Classification number PR 2812
Item number .Sh527he 1997
082 00 - DEWEY DECIMAL CLASSIFICATION NUMBER
Classification number HS 822.33W3
Item number Sh1 1995
100 1# - MAIN ENTRY--PERSONAL NAME
Personal name Shakespeare, William,
Dates associated with a name 1564-1616.
9 (RLIN) 13415
240 10 - UNIFORM TITLE
Uniform title <a href="Henry V">Henry V</a>
245 10 - TITLE STATEMENT
Title King Henry V /
Statement of responsibility, etc [William Shakespeare] ; edited by T.W. Craik.
260 ## - PUBLICATION, DISTRIBUTION, ETC. (IMPRINT)
Place of publication, distribution, etc New York :
Name of publisher, distributor, etc Routledge,
Date of publication, distribution, etc 1997.
300 ## - PHYSICAL DESCRIPTION
Extent xxi, 419 p. :
Other physical details ill. ;
Dimensions 20 cm.
490 1# - SERIES STATEMENT
Series statement The Arden Shakespeare
504 ## - BIBLIOGRAPHY, ETC. NOTE
Bibliography, etc Includes bibliographical references (p. 406-415) and index.
600 00 - SUBJECT ADDED ENTRY--PERSONAL NAME
Personal name Henry
Numeration V,
Titles and other words associated with a name King of England,
Dates associated with a name 1387-1422
General subdivision Drama.
9 (RLIN) 13416
651 #0 - SUBJECT ADDED ENTRY--GEOGRAPHIC NAME
Geographic name Great Britain
General subdivision History
Chronological subdivision Henry V, 1413-1422
General subdivision Drama.
9 (RLIN) 13417
655 #7 - INDEX TERM--GENRE/FORM
Genre/form data or focus term Historical drama.
Source of term gsafd
9 (RLIN) 11358
700 1# - ADDED ENTRY--PERSONAL NAME
Personal name Craik, T. W.
Fuller form of name (Thomas Wallace)
9 (RLIN) 13418
800 1# - SERIES ADDED ENTRY--PERSONAL NAME
Personal name Shakespeare, William,
Dates associated with a name 1564-1616.
Title of a work Works.
Date of a work 1995.
9 (RLIN) 13419
906 ## - LOCAL DATA ELEMENT F, LDF (RLIN)
a 7
b cbc
c orignew
d 2
e ncip
f 19
g y-gencatlg
942 ## - ADDED ENTRY ELEMENTS (KOHA)
Source of classification or shelving scheme Library of Congress Classification
Koha item type Books
Holdings
Withdrawn status Lost status Source of classification or shelving scheme Damaged status Home library Current library Shelving location Date acquired Total Checkouts Full call number Barcode Date last seen Copy number Price effective from Koha item type
    Library of Congress Classification   Luxembourg Library Luxembourg Library High School Section 08/24/2013   PR 2812 .Sh527he 1997 3206 08/24/2013 1 08/24/2013 Books

King Henry V /

APA

Shakespeare W., Craik T. W., . (1997). King Henry V. New York: Routledge.

Chicago

Shakespeare William, Craik T W, . 1997. King Henry V. New York: Routledge.

Harvard

Shakespeare W., Craik T. W., . (1997). King Henry V. New York: Routledge.

MLA

Shakespeare William, Craik T W, . King Henry V. New York: Routledge. 1997.

  • Place hold
  • Print
  • Cite
  • Add to your cart (remove)
  • Save record
    BIBTEX Dublin Core MARCXML MARC (non-Unicode/MARC-8) MARC (Unicode/UTF-8) MARC (Unicode/UTF-8, Standard) MODS (XML) RIS
  • More searches
    Search for this title in:
    Other Libraries (WorldCat) Other Databases (Google Scholar) Online Stores (Bookfinder.com) Open Library (openlibrary.org)

Exporting to Dublin Core...

SOUTHVILLE LIBRARY

Southville International School and Colleges Library

1281 Tropical Ave. Cor. Luxembourg St., BF Homes International, Las Pinas City

Tel. No. 8256374 / 252358 Loc. 117/146

Powered by Koha